000 00439cam a2200181 4500
001 D14516
008 090401t1957 xxu||||| |||| 00| 0 eng d
035 _a(Sirsi) u16163
041 _aeng
100 _aWood, R.D.
245 _aPrinciples of estimating and price analyses for building works
250 _a2nd
260 _aLondon
_bEstates Gazette
_c1957
350 _a0
520 _aShelf 137
942 _n0
948 _c04/03/1997
999 _c87387
_d87387